• 首页
  • 本馆介绍
  • 公告通知
  • 最新文献
  • 馆藏检索
  • 电子资源
  • 读者荐购
  • 参考咨询
  • CALIS
  • 我的图书馆
  • 登录
  • 详细信息显示
  • 放入我的书架
  • 预约/预借图书
  • 作者相关作品
  • 分类相关作品
  • 丛书相关作品
  • 出版社相关作品

书目信息

  • 表格格式
  • 工作单格式
  • 卡片格式
题名:
专升本英语考试全真试题详解
    
 
作者: 康涛
分册:  
出版信息: 西安   西北工业大学出版社  2006.09
页数: 210页
开本: 26cm
丛书名: 普通高校专升本丛书
单 册:
中图分类: H319.6
科图分类:
主题词: 英语-高等学校-解题
电子资源:
ISBN: 7-5612-2139-8
 
 
 
 
 
000 00693nam0 2200229 45
001 010463485080
005 20070607164853.59
010    @a7-5612-2139-8@dCNY20.00
100    @a20061027d2006 ekmy0 y0120 ea
102    @aCN@b610000
105    @ay z 000yy
200 1  @a专升本英语考试全真试题详解@f康涛@g姬勃, 杨露, 张晓华编著
210    @a西安@c西北工业大学出版社@d2006.09
215    @a210页@d26cm
225 2  @a普通高校专升本丛书
330    @a本书共分三大部分,真题汇编部分,帮助广大考生全面了解专升本英语考试的命题特点和重点、难点。
606 1  @a英语-高等学校-解题
690    @aH319.6@v4
701  0 @a康涛
801  0 @aCN@c20070607
905    @dH319.6@eK276
906    @dCNY20.00@n3@r1
    
    专升本英语考试全真试题详解/康涛/姬勃, 杨露, 张晓华编著.-西安:西北工业大学出版社,2006.09
    210页;26cm.-(普通高校专升本丛书)
    
    
    ISBN 7-5612-2139-8:CNY20.00
    本书共分三大部分,真题汇编部分,帮助广大考生全面了解专升本英语考试的命题特点和重点、难点。
●
相关链接 在E读中查询图书 在当当中查询图书 在豆瓣中查询图书


正题名:专升本英语考试全真试题详解     索取号:H319.6/K276         预约/预借

序号 登录号 条形码 馆藏地/架位号 状态 备注
1 229842   202298423   语言库209/209语言库 57排3列6层/ [索取号:H319.6/K276] 在馆    
2 229843   202298432   语言库209/209语言库 57排3列6层/ [索取号:H319.6/K276] 在馆    
3 229844   202298441   语言库209/209语言库 57排3列6层/ [索取号:H319.6/K276] 在馆    
河南城建学院图书馆 欢迎您!
大连网信软件有限公司© 版权所有